Central Library OPAC University of Rajshahi

Social work practice: (Record no. 6681)

MARC details
000 -LEADER
fixed length control field 00762nam a2200265I 4500
001 - CONTROL NUMBER
control field 6681
003 - CONTROL NUMBER IDENTIFIER
rucl marc code BD-RjUL
005 - DATE AND TIME OF LATEST TRANSACTION
control field 20211208234306.0
008 - FIXED-LENGTH DATA ELEMENTS--GENERAL INFORMATION
fixed length control field 140112t1954 n 1 eng u
035 ## - SYSTEM CONTROL NUMBER
System control number (BD-RjUL)6722
040 ## - CATALOGING SOURCE
Transcribing agency WSU
Modifying agency BOS
-- BD-RjUL
Original cataloging agency BD-RjUL
Language of cataloging eng
041 ## - LANGUAGE CODE
Language code of text/sound track or separate title eng
082 04 - DEWEY DECIMAL CLASSIFICATION NUMBER
Edition number 16
Classification number 361
Author mark and year GRS 1954
090 ## - LOCALLY ASSIGNED LC-TYPE CALL NUMBER (OCLC); LOCAL CALL NUMBER (OCLC)
Classification number (OCLC) (R) ; Classification number, CALL (RLIN) (NR) HV40
Local cutter number (OCLC) ; Book number/undivided call number, CALL (RLIN) .F54
100 1# - MAIN ENTRY--PERSONAL NAME
Personal name Green, Helen D.
9 (RLIN) 21003
245 10 - TITLE STATEMENT
Title Social work practice:
Remainder of title in community organization /
Statement of responsibility, etc. Helen D.Green.
260 ## - PUBLICATION, DISTRIBUTION, ETC. (IMPRINT)
Name of publisher, distributor, etc. Whiteside, inc., and W. Morrow,
Date of publication, distribution, etc. c1954
Place of publication, distribution, etc. New York :
300 ## - PHYSICAL DESCRIPTION
Pagination 253 p. ;
Size 21 cm.
504 ## - BIBLIOGRAPHY, ETC. NOTE
Bibliography, etc Includes index.
650 #0 - SUBJECT ADDED ENTRY--TOPICAL TERM
Topical term or geographic name as entry element Social service.
9 (RLIN) 21004
Topical term or geographic name as entry element Social group work.
9 (RLIN) 16781
Topical term or geographic name as entry element Community organization.
9 (RLIN) 7131
942 ## - ADDED ENTRY ELEMENTS (KOHA)
Source of classification or shelving scheme Dewey Decimal Classification
Koha item type Books
Holdings
Lost status Source of classification or shelving scheme Damaged status Not for loan Collection code Permanent Location Current Location Shelving location Date acquired Source of acquisition Total Checkouts Full call number Date last seen Copy number Koha item type Cost, normal purchase price
  Dewey Decimal Classification     Non-fiction Central Library, University of Rajshahi Central Library, University of Rajshahi   20/05/1965 Asia Foundation   361 GRS 1954 12/01/2014 C-2 Books  
  Dewey Decimal Classification     Non-fiction Central Library, University of Rajshahi Central Library, University of Rajshahi   28/09/1965 Zeithlinger   361 GRS 1954 22/08/2016 C-3 Books 32.00